Types of Sports Equipment - Statistics

General Stats
  • This quiz has been taken 139 times
    138 since last reset
  • The average score is 9 of 14
Answer Stats
Picture Answer % Correct
Basketball
91%
Football
87%
Bat
82%
Helmet
80%
Hoop
72%
Club
69%
Ski's
69%
Net
68%
Weights
66%
Bar
58%
Cleats
55%
Racquet
34%
Bag
22%
Beam
21%
No matching quizzes found
Score Distribution
Percent of People with Each Score
Percentile by Number Answered
Your Score History
You have not taken this quiz since the last reset